|
|
|
|
| LEADER |
00000nab a2200000ua 4500 |
| 001 |
vtls010781693 |
| 003 |
SK-MaSNL |
| 005 |
20260305001718.0 |
| 008 |
230214s1955 xo |||||||||||||||||slo| |
| 035 |
|
|
|a (urnnbn)urn:nbn:sk:snk:ar-a03hy7
|
| 035 |
|
|
|a (uuid)a67c6d17-c94d-4efc-b455-adb85b02ca51
|
| 035 |
|
|
|a urn:nbn:sk:snk-ab5a8i
|
| 040 |
|
|
|a SNKBUCL
|b slo
|c SNKBUCL
|e AACR2
|
| 041 |
0 |
|
|a slo
|
| 044 |
|
|
|a xo
|c SK
|
| 100 |
1 |
|
|a Gáborík, J.
|4 aut
|9 1577253
|
| 245 |
1 |
0 |
|a VPLYV KOBALTCHLORIDU NA PERIFÉRNU KRV U POKUSNÝCH PSOV
|c J. Gáborík, M. Nikš
|
| 700 |
1 |
|
|a Nikš, Milan,
|d 1927-1979
|4 aut
|9 259070
|
| 773 |
0 |
|
|t Bratislavské lekárske listy
|g Roč. 35, č. 10 (1955), s. 581-[597]
|
| 954 |
|
|
|a odborná, vedecká literatúra pôvodná (slovenská)
|2 lita
|
| 958 |
|
|
|a OND
|
| 958 |
|
|
|a EUIPO
|
| 958 |
|
|
|a article3
|
| 999 |
|
|
|c 3220913
|d 3222843
|